000 01858nkm a2200397 i 4500
001 3278
003 ES-MaACL
005 20251003200430.0
007 khrbo
008 050929s1983 sp --- g |001||spa d
100 0 _aAlfonso,
_d1902-1990
_919858
245 1 0 _aLectura expresiva de "El accidente" de Chatono Contretas Jiménez [
_hFotografía] /
_cAlfonso (sello).
260 _a[S.l. :
_bs.n.],
_c1983.
300 _a4 fot. :
_bb. y n. ;
_c12 x 18 cm.
490 1 _aCiclo experimental de nuevos autores españoles
500 _aDatos basados en invitación.
511 0 _aIntervienen: Enrique Llovet, Mª Paz Ballesteros, Santiago Martín Bermúdez, Angel de Andrés, Maite Blasco, Manuel Galiana, Paloma Lorena, José María Rodero, Chatono Contreras Jiménez.
518 _aActo organizado por el Ateneo de Madrid en colaboración con el Instituto Internacional de Teatro (Unesco) y la librería teatral La Avispa, celebrado en el salón de actos el 5 de diciembre de 1983, a las 20:00 h.
600 1 4 _aLlovet, Enrique,
_d1917-2010
_972941
600 1 4 _aMartín Bermúdez, Santiago.
_977416
600 1 4 _aAndrés, Angel.
_921567
600 1 4 _aBlasco, Maite.
_929373
600 1 4 _aBallesteros, Mª Paz.
_925038
600 1 4 _aGaliana, Manuel (
_d1941-)
_953400
600 1 4 _aLorena, Paloma.
_974095
600 1 4 _aRodero, José María.
_998121
600 1 4 _aContreras, Chatono.
_940303
610 2 4 _aAteneo de Madrid-
_xActos culturales-
_y1983-
_vFotografías.
_91896
710 2 _aAteneo de Madrid.
_91875
710 2 _aInstituto Internacional del Teatro.
_95100
710 2 _aLa Avispa (Madrid)
_95450
830 0 _aCiclo experimental de nuevos autores españoles
_9176754
852 _aES-MaACL
_jFOT 144/1983
856 4 _uhttp://www.ateneodemadrid.net/biblioteca_digital/imagenes/1983/0144-1983.jpg
_zVer imagen
999 _c3278
_d3278